| 000 | 00787nam a2200229 a 4500 | ||
|---|---|---|---|
| 001 | 000005672 | ||
| 005 | 20240412074203.0 | ||
| 008 | 090821s2009 dr 000 j spa d | ||
| 040 |
_aDO-SdBNP _bspa _cBNPHU |
||
| 082 |
_aA863.44 _bV468c |
||
| 100 | 1 |
_aVentura, Abel _916030 |
|
| 245 | 1 | 0 |
_aCuentos latinoamericanos I : _bobra inédita / _cAbel Ventura. |
| 260 |
_aSan Francisco de Macorís : _bRinosa, _c2009. |
||
| 300 |
_a220 p. ; _c23 cm. |
||
| 590 | _aLa biblioteca posee 3 ejemplares autografíados por el autor. | ||
| 590 | _aInventariado, 2020/MFF | ||
| 650 | 0 |
_aCuentos dominicanos _9176 |
|
| 650 | 0 |
_aLiteratura dominicana. _967 |
|
| 650 | 4 |
_aLiteratura latinoamericana _94717 |
|
| 650 | 4 |
_aAmérica latina en la literatura _916031 |
|
| 910 | _aValidado. Control de calidad MFF | ||
| 999 |
_c5470 _d5470 |
||